000 00719nam a2200289Ia 4500
005 20260324134601.0
008 008 260324s9999 xx 000 0 eng d
020 _a9780203769010
037 _aEBOOK
040 _aCRL
040 _beng
040 _cCRL
041 _2eng
041 _aeng
084 _qCRL
100 _aClaude Villeneuve
_91197363
245 0 _aEmphasizing the Interpersonal in Psychotherapy
245 0 _bFamilies and Groups in the Era of Cost Containment
260 _bTaylor and Francis
260 _c2001
365 _a
365 _b160
856 _uhttp://www.taylorfrancis.com/books/9780203769010
942 _cEBOOK
999 _c1797618
_d1797618